000 00728nam a2200241 a 4500
001 BRCA_4633
005 20190320204738.0
008 280910s1931----nyua######---#000-0#eng-#
041 _aeng
044 _anyu
050 4 _aNK2808
_b.D55 1931
100 1 _aDilley, Arthur Urbane
_911726
245 1 0 _aOriental Rugs and Carpets
_ca comprehensive study by Arthur Urbane Dilley.
260 _aNueva York
_bC. Scribner´s
_c1931
300 _axxii, 303 p.
_bil. (algunas a color)
_c28 cm.
500 _aIncluye índice de ilustraciones e índice analítico
500 _aTítulo en cubierta en árabe
500 _aD43
650 1 4 _aTapetes orientales
_97601
650 1 4 _aAlfombras
_911727
902 _aGFM
942 _2lcc
_cB
999 _c4336
_d4336